LEADER 01607nam a2200301 i 4500 001 000000148159 003 CaOOAMICUS 005 20060223000000.0 008 060223s2005 it u000 u spa u 013 $a125474 020 $a84-95269-25-2 040 $aSeMil$bita 100 1 $aSerra Estellés, Xavier <1946- >.$0(OLS)http://semarc/name/10483 245 13$aLa consueta o Instrución de Sacristanes y mui en particular para el de la Parroquia de la Villa de Xábea. Año 1769 /$cEdición, estudio y notas [di] Xavier Serra Estellés, Antoni Tordera Sáez. 260 $aValencia :$bEdicep,$c2005. 260 $aValencia :$bFacultad de Teología San Vicente Ferrer,$c2005. 300 $a224 p., [4] p. di tav. :$bill. ;$c23 cm. 490 0 $aMonumenta archivorum valentina ;$v6. 500 $aContiene: Bibliografía. 700 1 $aTordera Sáez, Antoni.$0(OLS)http://semarc/name/58676 830 0$aMonumenta archivorum valentina / Facultad de Teología San Vicente Ferrer ;$v6.$0(OLS)http://semarc/title/15565 850 $aSeMil 852 $aSeMil$W1$xVenegono$y1$m3B III 14$j100614$B100614$CSeMilBibl$Z2$F109568 $81 961 $aOmaggio per recensione: Scuola Cattolica 996 $6020$a84-95269-25-2$9(OLS)http://semarc/number/136998 996 $6245$aLa consueta o Instrución de Sacristanes y mui en particular para el de la Parroquia de la Villa de Xábea. Año 1769$9(OLS)http://semarc/title/216576 996 $6260$aValencia :$bFacultad de Teología San Vicente Ferrer$9(OLS)http://semarc/publisher/39302 996 $6260$aValencia :$bEdicep$9(OLS)http://semarc/publisher/32588 LEADER 01121nam a2200265 i 4500 001 000000051792 003 CaOOAMICUS 005 20080827000000.0 008 080827s1996 it u000 u ita u 013 $a22964 020 $a88-211-8617-2 040 $aSeMil$bita 100 1 $aGentili, Carlo,$d<1951- >.$0(OLS)http://semarc/name/25583 245 10$aErmeneutica e metodica :$bstudi sulla metodologia del comprendere /$cCarlo Gentili. 260 $aGenova :$bMarietti 1820,$c1996. 300 $a343 p. ;$c22 cm. 490 0 $aCollana di filosofia [Marietti]v66 650 4$aErmeneutica filosofica.$0(OLS)http://semarc/subject/5404 830 0$aCollana di filosofia ;$v66.$0(OLS)http://semarc/title/419438 850 $aSeMil 852 $aSeMil$W1$xVenegono$y1$m2P II 552$j17947$B17947$CSeMilBibl$Z2$F17948 $81 961 $aAcquisto: Glossa (Libreria) 996 $6020$a88-211-8617-2$9(OLS)http://semarc/number/26016 996 $6245$aErmeneutica e metodica :$bstudi sulla metodologia del comprendere$9(OLS)http://semarc/title/79394 996 $6260$aGenova :$bMarietti 1820$9(OLS)http://semarc/publisher/32400